Математическое моделирование фотоэлектрической системы в условиях частичного затенения; Физико-технические проблемы в науке, промышленности и медицине (ФТПНПМ-2019)

Bibliographic Details
Parent link:Физико-технические проблемы в науке, промышленности и медицине (ФТПНПМ-2019).— 2019.— [С. 79]
Main Author: Аманжолова Н. А.
Corporate Author: Национальный исследовательский Томский политехнический университет
Other Authors: Шидловский С. В. Станислав Викторович
Summary:Заглавие с экрана
Language:Russian
Published: 2019
Series:Математическое моделирование в фундаментальных и прикладных исследованиях
Subjects:
Online Access:http://earchive.tpu.ru/handle/11683/56752
Format: MixedMaterials Electronic Book Chapter
KOHA link:https://koha.lib.tpu.ru/cgi-bin/koha/opac-detail.pl?biblionumber=630336

MARC

LEADER 00000naa2a2200000 4500
001 630336
005 20240116115609.0
035 |a (RuTPU)RU\TPU\conf\31328 
035 |a RU\TPU\conf\31327 
090 |a 630336 
100 |a 20191029d2019 k y0rusy50 ca 
101 0 |a rus 
102 |a RU 
105 |a y z 101zy 
135 |a drgn ---uucaa 
181 0 |a i  
182 0 |a b 
200 1 |a Математическое моделирование фотоэлектрической системы в условиях частичного затенения  |f Н. А. Аманжолова, С. В. Шидловский 
203 |a Текст  |c электронный 
225 1 |a Математическое моделирование в фундаментальных и прикладных исследованиях 
300 |a Заглавие с экрана 
320 |a [Библиогр.: с. 79 (1 назв.)] 
463 0 |0 (RuTPU)RU\TPU\conf\30850  |t Физико-технические проблемы в науке, промышленности и медицине (ФТПНПМ-2019)  |o сборник научных трудов Международной научно-практической конференции студентов, аспирантов и молодых ученых, г. Томск, 30 сентября - 04 октября 2019 г.  |f Национальный исследовательский Томский политехнический университет (ТПУ) ; под ред. А. Г. Горюнова [и др.]  |v [С. 79]  |d 2019 
610 1 |a труды учёных ТПУ 
610 1 |a электронный ресурс 
610 1 |a математическое моделирование 
610 1 |a фотоэлектрические системы 
610 1 |a затенение 
610 1 |a фотоэлектрические системы 
700 1 |a Аманжолова  |b Н. А. 
701 1 |a Шидловский  |b С. В.  |c специалист в области теплоэнергетики  |c профессор Томского политехнического университета, доктор технических наук  |f 1981-  |g Станислав Викторович  |3 (RuTPU)RU\TPU\pers\26010  |9 11859 
712 0 2 |a Национальный исследовательский Томский политехнический университет  |c (2009- )  |3 (RuTPU)RU\TPU\col\15902  |9 26305 
801 2 |a RU  |b 63413507  |c 20191112  |g RCR 
856 4 |u http://earchive.tpu.ru/handle/11683/56752 
942 |c BK